|
|
|
|
| LEADER |
00000nam a2200000 i 4500 |
| 001 |
DIGUAZUAY0272 |
| 003 |
NyNyDIG |
| 007 |
cr ||||||||||| |
| 008 |
260115s2024 ec a ob 000 0 spa d |
| 006 |
m o d |
| 035 |
|
|
|a (OCoLC)1500712351
|
| 040 |
|
|
|a DGITA
|b eng
|e rda
|e pn
|c DGITA
|
| 020 |
|
|
|a 9789942670038
|q eBook
|
| 020 |
|
|
|z 9789942670021
|
| 050 |
1 |
4 |
|a HV1568 ebook
|
| 100 |
1 |
|
|a Matailo, Luci,
|e author.
|
| 245 |
1 |
3 |
|a El arte del cuidado :
|b ¿cómo cuidar a las personas con discapacidad y a sus cuidadores? /
|c Luci Matailo Montenegro, Pedro Martínez Borrero.
|
| 264 |
|
1 |
|a Cuenca, Ecuador :
|b Universidad del Azuay, Casa Editora,
|c [2024]
|
| 300 |
|
|
|a 1 online resource :
|b illustrations.
|
| 336 |
|
|
|a text
|b txt
|2 rdacontent
|
| 337 |
|
|
|a computer
|b c
|2 rdamedia
|
| 338 |
|
|
|a online resource
|b cr
|2 rdacarrier
|
| 347 |
|
|
|a text file
|2 rdaft
|
| 347 |
|
|
|b PDF
|
| 490 |
1 |
|
|a Homo
|
| 504 |
|
|
|a Includes bibliographical references.
|
| 588 |
0 |
|
|a Online resource; title from PDF title page (Digitalia, viewed January 15, 2026)
|
| 650 |
|
0 |
|a People with disabilities
|x Care.
|
| 650 |
|
0 |
|a Caregivers
|x Training of.
|
| 700 |
1 |
|
|a Martínez Borrero, Pedro,
|e author.
|
| 791 |
2 |
|
|a Digitalia (Firm),
|e distributor.
|
| 793 |
0 |
|
|g Digitalia eBook Collection:
|a Universidad del Azuay
|
| 776 |
0 |
8 |
|i Print version:
|a Matailo, Luci.
|t Arte del cuidado.
|d Cuenca, Ecuador : Universidad del Azuay, Casa Editora, [2024]
|z 9789942670021
|
| 830 |
|
0 |
|a Homo (Universidad del Azuay, Casa Editora)
|
| 856 |
4 |
0 |
|3 Digitalia Hispánica
|u https://www.digitaliapublishing.com/a/170501/
|
| 910 |
|
|
|a Premium collection: 2026
|